[Event "Geneve Cavaliers Fous op 8th"]
[Site "Geneve"]
[Date "2022.10.21"]
[Round "7"]
[White "Thompson, Charles William"]
[Black "Fluckiger, Benoit"]
[Result "0-1"]
[WhiteElo "1256"]
[BlackElo "1397"]
[PlyCount "70"]
[EventDate "2022.09.02"]
[EventType "swiss"]
[EventRounds "7"]
[EventCountry "SUI"]
[SourceTitle "EXT 2024"]
[Source "ChessBase"]
[SourceDate "2023.10.10"]
[SourceVersion "1"]
[SourceVersionDate "2023.10.10"]
[SourceQuality "1"]

1. c4 c6 2. d4 d5 3. c5 Nf6 4. Nf3 Nbd7 5. g3 b6 6. b4 b5 7. Bg2 a5 8. Bd2 e6 9. e3 Be7 10. 0-0 0-0 11. Ng5 Ne8 12. f4 axb4 13. Bxb4 Bxg5 14. fxg5 Qxg5 15. Rf3 e5 16. dxe5 Nxe5 17. Rf2 Ng4 18. Qd4 Nxf2 19. Kxf2 Qf6+ 20. Bf3 Qxd4 21. exd4 Ra4 22. Bd2 Rxd4 23. Be3 Ra4 24. Nc3 Ra3 25. Bd2 Nf6 26. Re1 Be6 27. Ra1 d4 28. Nb1 Rxa2 29. Rxa2 Bxa2 30. Bxc6 Bxb1 31. Bxb5 Ne4+ 32. Ke2 Nxd2 33. Kxd2 Bf5 34. c6 h5 35. Ke2 g5 0-1

[Event "Geneve Cavaliers Fous op 8th"]
[Site "Geneve"]
[Date "2022.09.30"]
[Round "4"]
[White "Fluckiger, Benoit"]
[Black "Heuberger, Christian"]
[Result "0-1"]
[WhiteElo "1397"]
[BlackElo "2096"]
[PlyCount "52"]
[EventDate "2022.09.02"]
[EventType "swiss"]
[EventRounds "7"]
[EventCountry "SUI"]
[SourceTitle "EXT 2024"]
[Source "ChessBase"]
[SourceDate "2023.10.10"]
[SourceVersion "1"]
[SourceVersionDate "2023.10.10"]
[SourceQuality "1"]

1. e4 c5 2. Nf3 d6 3. c3 g6 4. h3 Nf6 5. Bd3 Nc6 6. 0-0 Bg7 7. Bc2 c4 8. Re1 0-0 9. d4 cxd3 10. Bxd3 Nd7 11. Nbd2 Nde5 12. Bc2 b5 13. Nd4 Qb6 14. Nf1 Nxd4 15. cxd4 Nc4 16. e5 dxe5 17. b3 exd4 18. Rb1 Ne5 19. Kh1 d3 20. f4 dxc2 21. Qxc2 Bf5 22. Qe2 Nd3 23. Bb2 Nxf4 24. Qxe7 Qf2 25. Qb7 Bxb1 26. Ng3 Qxg3 0-1

[Event "Geneve Cavaliers Fous op 8th"]
[Site "Geneve"]
[Date "2022.09.23"]
[Round "3"]
[White "Klyucharev, Alexander"]
[Black "Fluckiger, Benoit"]
[Result "1-0"]
[WhiteElo "1793"]
[BlackElo "1397"]
[PlyCount "109"]
[EventDate "2022.09.02"]
[EventType "swiss"]
[EventRounds "7"]
[EventCountry "SUI"]
[SourceTitle "EXT 2024"]
[Source "ChessBase"]
[SourceDate "2023.10.10"]
[SourceVersion "1"]
[SourceVersionDate "2023.10.10"]
[SourceQuality "1"]

1. e4 e5 2. Nf3 Nc6 3. Bb5 a6 4. Ba4 Bc5 5. c3 Nge7 6. 0-0 0-0 7. d4 Ba7 8. d5 Na5 9. Bg5 d6 10. Nbd2 b5 11. Bc2 Nb7 12. a4 Nc5 13. axb5 axb5 14. Be3 Na6 15. Qe2 Bxe3 16. Qxe3 Bd7 17. h3 Ng6 18. Ra2 Qc8 19. Kh2 f5 20. exf5 Bxf5 21. Bxf5 Qxf5 22. Ne4 Qf4+ 23. Qxf4 Nxf4 24. Rfa1 Nc5 25. Rxa8 Nxe4 26. Rxf8+ Kxf8 27. Ra8+ Ke7 28. Rb8 Nxd5 29. Rxb5 Nb6 30. Kg1 h6 31. Nxe5 Ke6 32. Nd3 Nd2 33. Nf4+ Kd7 34. Nd3 Ke6 35. g4 Nd5 36. Kg2 c6 37. Rb7 Ne7 38. f4 g6 39. h4 Nc4 40. Kg3 Ne3 41. Kf3 N3d5 42. c4 Nf6 43. g5 hxg5 44. fxg5 Nh5 45. Nf4+ Nxf4 46. Kxf4 Nf5 47. b4 Ne7 48. b5 cxb5 49. Rxe7+ Kxe7 50. cxb5 Kd7 51. h5 gxh5 52. g6 Kc7 53. g7 Kb6 54. g8Q Kxb5 55. Qd5+ 1-0

[Event "Geneve Cavaliers Fous op 8th"]
[Site "Geneve"]
[Date "2022.09.02"]
[Round "1"]
[White "Shahmammadli, Safkhan"]
[Black "Fluckiger, Benoit"]
[Result "1-0"]
[WhiteElo "2046"]
[BlackElo "1397"]
[PlyCount "113"]
[EventDate "2022.09.02"]
[EventType "swiss"]
[EventRounds "7"]
[EventCountry "SUI"]
[SourceTitle "EXT 2024"]
[Source "ChessBase"]
[SourceDate "2023.10.10"]
[SourceVersion "1"]
[SourceVersionDate "2023.10.10"]
[SourceQuality "1"]

1. g3 d5 2. Nf3 Nf6 3. Bg2 c6 4. 0-0 Bf5 5. d3 h6 6. Nbd2 e6 7. Re1 Nbd7 8. e4 dxe4 9. dxe4 Bh7 10. Qe2 e5 11. b3 Bd6 12. Bb2 b5 13. a4 a6 14. Red1 0-0 15. Nh4 Re8 16. Nc4 Bc7 17. Nd6 Re6 18. Ndf5 Qf8 19. g4 g5 20. Nf3 Bxf5 21. exf5 Ree8 22. h4 Nd5 23. hxg5 hxg5 24. Qd2 f6 25. c4 bxc4 26. bxc4 N5b6 27. Ba3 Qf7 28. a5 Rad8 29. axb6 Bxb6 30. Nxg5 fxg5 31. Qxg5+ Kh8 32. Bxc6 Bd4 33. Rd3 Qh7 34. Kg2 Rg8 35. Qxd8 Rxd8 36. Rh1 Qxh1+ 37. Kxh1 Nf6 38. Be7 Nxg4 39. Rh3+ Kg7 40. Rg3 Rh8+ 41. Kg2 Kf7 42. Bg5 Rh2+ 43. Kf3 Nh6 44. Bd5+ Ke8 45. Ke4 Rxf2 46. Bxh6 a5 47. Rg8+ Kd7 48. Be6+ Kc6 49. Rc8+ Kb7 50. c5 Rc2 51. c6+ Kb6 52. f6 Re2+ 53. Kd5 Bc5 54. Rb8+ Kc7 55. Rb7+ Kd8 56. Kxc5 Rc2+ 57. Kd6 1-0

[Event "Geneve Cavaliers Fous op 7th"]
[Site "Geneve"]
[Date "2021.10.29"]
[Round "4"]
[White "Fluckiger, Benoit"]
[Black "Fryc, Oldrich"]
[Result "1-0"]
[WhiteElo "1394"]
[BlackElo "1357"]
[PlyCount "87"]
[EventDate "2021.09.17"]
[EventType "swiss"]
[EventRounds "7"]
[EventCountry "SUI"]
[SourceTitle "EXT 2023"]
[Source "ChessBase"]
[SourceDate "2022.10.05"]
[SourceVersion "1"]
[SourceVersionDate "2022.10.05"]
[SourceQuality "1"]

1. e4 g6 2. d4 Bg7 3. Nc3 d6 4. Be3 b6 5. Qd2 h6 6. 0-0-0 e6 7. g4 Ne7 8. h4 Nd7 9. Be2 Bb7 10. f3 a5 11. a4 c6 12. f4 Ba6 13. Rf1 Bxe2 14. Ngxe2 Qc7 15. h5 Nf6 16. hxg6 Nxg6 17. f5 Ne7 18. fxe6 fxe6 19. Bxh6 Rxh6 20. Rxh6 Bxh6 21. Qxh6 Neg8 22. Qg6+ Kd7 23. Qf7+ Kc8 24. Qxe6+ Kb7 25. g5 Re8 26. Qf5 Nd7 27. Qh7 Ne7 28. Rf7 Qd8 29. Qh5 Rh8 30. Rh7 Rg8 31. Nf4 Nf8 32. Rh8 Nd7 33. Rxg8 Qxg8 34. Qg4 Nf8 35. Nce2 Qg7 36. c3 Qh7 37. Ng3 d5 38. exd5 cxd5 39. Qh5 Qg7 40. Qh6 Qg8 41. Qf6 Nfg6 42. Nxg6 Nxg6 43. Nf5 Qe8 44. Nd6+ 1-0

[Event "Geneve Bois Gentil op"]
[Site "Geneve"]
[Date "2020.01.31"]
[Round "3"]
[White "Champoud, Gilles"]
[Black "Fluckiger, Benoit"]
[Result "0-1"]
[WhiteElo "1529"]
[BlackElo "1448"]
[PlyCount "94"]
[EventDate "2020.01.10"]
[EventType "swiss"]
[EventRounds "7"]
[EventCountry "SUI"]
[SourceTitle "CBM 195 Extra"]
[Source "ChessBase"]
[SourceDate "2020.05.31"]
[SourceVersion "1"]
[SourceVersionDate "2020.05.31"]
[SourceQuality "1"]

1. e4 e5 2. Nf3 Nc6 3. Bc4 Nf6 4. d3 Be7 5. Bd2 d6 6. a3 a6 7. b4 b5 8. Ba2 d5 9. c4 dxc4 10. dxc4 Qd3 11. cxb5 axb5 12. Bd5 Nxd5 13. exd5 Qxd5 14. Nc3 Qd3 15. Qc1 Be6 16. Ne2 Bc4 17. Ng3 e4 18. Ng5 Nd4 19. Rb1 Nc2+ 20. Kd1 Bxg5 21. Qxc2 Qxc2+ 22. Kxc2 Bd3+ 23. Kc1 Bxb1 24. Bxg5 Bd3 25. Nxe4 Bxe4 26. Re1 0-0 27. Rxe4 Rxa3 28. Kb2 Rfa8 29. Bh4 Ra2+ 30. Kb1 Rd2 31. Bg3 Rd7 32. Re5 c6 33. Rc5 Rc8 34. Re5 h6 35. Kc2 g6 36. Re3 Ra8 37. Kb3 Rad8 38. Re4 Rd3+ 39. Kc2 Rd2+ 40. Kc1 Kf8 41. Bc7 R8d4 42. Re5 Rxf2 43. Bb6 Rc4+ 44. Kb1 Rxb4+ 45. Kc1 Rc4+ 46. Kd1 Rxg2 47. Bc5+ Kg7 0-1